000
00259nam a2200097Ia 4500
001
838533
005
20250826172554.0
008
250824s9999 xx 000 0 und d
245
0
_a
TÜRK DIŞ POLİTİKASI TARİHİ
_c
FAHİR ARMAOĞLU
260
_b
KRONİK YAYINLARI
999
_c
838533
_d
838533